Le test de la culture générale (DD1) - Statistiques

Statistiques générales
  • Ce quiz a été pris 340 fois
    56 depuis la dernière actualisation
  • Le résultat moyen est 4 sur 15
Statistiques - réponses
Question : Réponse : % Correct
Quelles sont les trois couleurs du drapeau de l'Azerbaïdjan : rouge,bleu et ... Vert
83%
Un autre : jiraffe Girafe
70%
Un animal à réorthographier : rinossérosse Rhinocéros
67%
Je sors dehors est un... Pléonasme
43%
Harry, Ron et (un garçon ami avec eux) Neville
30%
Azertyuiopqsdfghjklwxcvbn (à réécrire CORRECTEMENT) Azertyuiopqsdfghjklwxcvbn
28%
Comment dit-on au revoir en allemand ? Auf Wiedersehen
22%
Quelle est la date du sacre de charlemagne (jour,mois,année) 25 décembre 800
20%
Quel joueur à marqué un but (refusé ensuite) égalisant lors de la coupe Qatar 2022 en poule D pendant le match ...-tunisie Antoine Griezmann
17%
Dans quelle ville ? Rome
17%
Quel est le pays comportant ces lettres : aeioubdrst Arabie saoudite
13%
Bonjour, au revoir, s'il te plaît, merci et... Pardon
9%
Par qui à t-il été sacré ? Pape Léon III
7%
0=83733737348294387404384537475383439529583843949348384854882. Ox2 OO
4%
Je vais me coucher au soutenu : je vais me ... Retirer
0%
Aucun quiz correspondant
Distribution des résultats
% des personnes avec chaque résultat
Percentile par nombre de réponses
Votre historique - résultats
Vous n’avez pas pris ce quiz depuis la dernière actualisation